000 00247nam a22000857a 4500
008 160713b xxu||||| |||| 00| 0 eng d
100 _92750
_a Magoun, F.A
245 _aSuccessfully Finding Yourself and your Job
260 _aN.Y
_b Harper & Brothers
_c1959
999 _c2387
_d2387